Features of Structural Construction and Organization of Activities of Higher Bodies of Various Models of Corporate Governance
Výskum štrukturálnej organizácie a funkčnej rekonštrukcii činnosti vyšších orgánov v hospodárskej oblasti pre rôzne modely správy a riadenia spoločností. Špecifické charakteristiky procesov inštitucionálneho typizovania podnikových vzťahov a podmienky použitia rôznych mechanizmov regulácie podnikový...
Salvato in:
| Autore principale: | |
|---|---|
| Altri autori: | |
| Natura: | Capitolo di libro |
| Lingua: | ucraino |
| Soggetti: | |
| Tags: |
Nessun Tag, puoi essere il primo ad aggiungerne!!
|
MARC
| LEADER | 00000naa a2200000 4500 | ||
|---|---|---|---|
| 001 | 0250440 | ||
| 005 | 20191008095619.5 | ||
| 041 | 0 | |a ukr | |
| 044 | |a UA | ||
| 245 | 1 | 0 | |a Features of Structural Construction and Organization of Activities of Higher Bodies of Various Models of Corporate Governance |c Yuri Goncharov, Konstantine Serdyukov |
| 520 | |a Výskum štrukturálnej organizácie a funkčnej rekonštrukcii činnosti vyšších orgánov v hospodárskej oblasti pre rôzne modely správy a riadenia spoločností. Špecifické charakteristiky procesov inštitucionálneho typizovania podnikových vzťahov a podmienky použitia rôznych mechanizmov regulácie podnikových vzťahov. | ||
| 610 | 2 | 0 | |a manažment |
| 610 | 2 | 0 | |a riadenie |
| 610 | 2 | 0 | |a riadenie vnútropodnikové |
| 610 | 2 | 0 | |a sektory hospodárske |
| 610 | 2 | 0 | |a pracovníci riadiaci |
| 610 | 2 | 0 | |a pracovníci vedúci |
| 610 | 2 | 0 | |a organizácia podniku |
| 610 | 2 | 0 | |a organizácia riadenia |
| 100 | 1 | |a Goncharov, Yuri | |
| 700 | 1 | |a Serdyukov, Konstantine | |